Jerusalem / (Record no. 1046)
[ view plain ]
| 000 -LEADER | |
|---|---|
| fixed length control field | 00531nam a22001817a 4500 |
| 008 - FIXED-LENGTH DATA ELEMENTS--GENERAL INFORMATION | |
| fixed length control field | 150612b xxu||||| |||| 00| 0 eng d |
| 041 0# - LANGUAGE CODE | |
| Language code of text/sound track or separate title | eng |
| 080 ## - UNIVERSAL DECIMAL CLASSIFICATION NUMBER | |
| Universal Decimal Classification number | 33 |
| 100 ## - Rafti | |
| Rafti | Thubron, Colin, |
| 100 ## - Rafti | |
| -- | 1939- |
| 245 00 - TITLE STATEMENT | |
| Title | Jerusalem / |
| 260 ## - | |
| -- | Amsterdam : |
| -- | Time-Life Books, |
| -- | c1976. |
| 300 ## - | |
| -- | 200 f. : |
| -- | me il. : |
| -- | 31 cm. |
| 490 ## - | |
| -- | The Great cities |
| 505 ## - | |
| -- | Index: f. 199-200 |
| 650 #0 - | |
| -- | Jerusalem |
| 650 #0 - | |
| -- | Jeruzalemi |
| 942 ## - ADDED ENTRY ELEMENTS (KOHA) | |
| Source of classification or shelving scheme | |
| Item type | Books |
| Withdrawn status | Lost status | Source of classification or shelving scheme | Damaged status | Not for loan | Collection code | Permanent location | Current location | Shelving location | Date acquired | Total Checkouts | Full call number | Date last seen | Price effective from | Koha item type |
|---|---|---|---|---|---|---|---|---|---|---|---|---|---|---|
| Koleksioni i përgjithshem | UBT - Lipjan | UBT - Lipjan | Koleksioni i përgjithshem | 06/12/2015 | 33 JER | 06/12/2015 | 06/12/2015 | Books |